00674nam a2200181 a 450000100100000000500170001000800410002704000250006808200170009310000270011024500820013726000530021930000280027250000220030070000380032295201150036099900170047500004210520201002035937.0131114s1960 mx a 001 0 spa d aDO-SdBNPbspacBNPHU axxxxxbxxxxx1 aSadoul, Georges96910414aLas maravillas del cine /cGeorges Sadoul ; traducción José de la Colina. aMéxico :bFondo de Cultura Económica,c1960. a274 p. :bil. ;c17 cm. aIncluye índices1 aColina, José de la,etr.969105 001050718MOaGRbGRcHDd2013-11-14iLF1l0oxxxxx xxxxxp42105-10r2020-06-25w2020-06-25y1ZNo se presta c41594d41594